000 00309nam a22001337a 4500
008 170614b xxu||||| |||| 00| 0 eng d
020 _a0813308380
041 _aeng
080 _a32
100 _a19
101 _aSHP
245 _aINTERNATIONAL INSTITUTIONS AND STATE POWER
_cKEOHANE,R.O
942 _2udc
_cBK
999 _c17262
_d17262